Účtovanie a vykazovanie kurzových rozdielov v SR bakalárska práca

Guardado en:
Detalles Bibliográficos
Autor principal: Jančičková, Lea, 1996-
Autor Corporativo: Fakulta hospodárskej informatiky EU. Katedra účtovníctva a audítorstva
Otros Autores: Pakšiová, Renáta, 1974-
Formato: Libro
Lenguaje:eslovaco
Publicado: Bratislava 2018
Etiquetas: Agregar Etiqueta
Sin Etiquetas, Sea el primero en etiquetar este registro!

MARC

LEADER 00000nbm a2200000 4500
001 0245381
005 20181106083156.0
041 0 |a slo 
044 |a SK 
245 1 0 |a Účtovanie a vykazovanie kurzových rozdielov v SR  |b bakalárska práca  |c Lea Jančičková ; školiteľ: Renáta Pakšiová 
264 1 |a Bratislava  |c 2018 
300 |a 41 s. 
100 1 |a Jančičková, Lea, 1996- 
700 1 |a Pakšiová, Renáta, 1974- 
710 2 |a Fakulta hospodárskej informatiky EU. Katedra účtovníctva a audítorstva